[Event "EY Boys U16 2012"]
[Site "Prague CZE"]
[Date "2012.08.21"]
[Round "5.18"]
[White "Ulanowski,K"]
[Black "Korchmar,V"]
[Result "0-1"]
[WhiteElo "2035"]
[BlackElo "2234"]

1.e4 c5 2.Nf3 e6 3.d4 cxd4 4.Nxd4 Nc6 5.Nc3 a6 6.Nxc6 bxc6 7.Bd3 d5 8.O-O Nf6
9.Kh1 Be7 10.Re1 d4 11.Ne2 e5 12.Rf1 O-O 13.f4 c5 14.c3 Bb7 15.fxe5 Nxe4
16.Bxe4 Bxe4 17.cxd4 Qd5 18.Rg1 Rfd8 19.Be3 cxd4 20.Qxd4 Qb7 21.Qb6 Qxb6
22.Bxb6 Rd2 23.Ng3 Bd5 24.Rad1 Bxg2+ 25.Rxg2 Rxd1+ 26.Rg1 Rxg1+ 27.Bxg1 Rc8
28.Bd4 Rc4 29.Nf5 Bc5 30.Bc3 Bb4 31.e6 fxe6  0-1

[Event "EY Girls U16 2012"]
[Site "Prague CZE"]
[Date "2012.08.22"]
[Round "6.5"]
[White "Osmanodja,F"]
[Black "Soyunlu,N"]
[Result "1-0"]
[WhiteElo "2199"]
[BlackElo "1895"]

1.e4 c5 2.Nf3 e6 3.d4 cxd4 4.Nxd4 Nc6 5.Nc3 Qc7 6.Be2 a6 7.O-O Nf6 8.Be3 b5
9.Nxc6 dxc6 10.a3 Be7 11.f4 Bb7 12.Bf3 Rd8 13.Qe2 c5 14.g4 b4 15.axb4 cxb4
16.Na4 Rc8 17.Nb6 Rd8 18.e5 Ne4 19.Na4 Rc8 20.Nb6 Rb8 21.Rfd1 Nc5 22.Nc4 Bxf3
23.Qxf3 O-O 24.b3 Rbd8 25.Rxd8 Rxd8 26.f5 f6 27.fxe6 Nxe6 28.Rxa6 Nc5 29.Rc6 Qb7
30.Kg2 Rc8 31.Qd5+ Kf8 32.Rxc5  1-0

[Event "EY Boys U16 2012"]
[Site "Prague CZE"]
[Date "2012.08.22"]
[Round "6.28"]
[White "Kanjaryan,V"]
[Black "De Vleeschauwer,M"]
[Result "1/2-1/2"]
[WhiteElo "2091"]
[BlackElo "1996"]

1.e4 c5 2.Nf3 e6 3.d4 cxd4 4.Nxd4 Nc6 5.Nc3 Qc7 6.Be2 a6 7.O-O b5 8.Nxc6 dxc6
9.Be3 Nf6 10.a3 Be7 11.f4 O-O 12.Qe1 Bb7 13.Bd4 Rad8 14.Bxf6 Bxf6 15.e5 Be7
16.Ne4 c5 17.Bf3 c4 18.Kh1 Qb6 19.Qe2 Bxe4 20.Bxe4 Qd4 21.Rab1 Bc5 22.Rf3 g6
23.h4 Qd2 24.Qf1 Rd4 25.Re1 Rfd8 26.Kh2 Be7 27.c3 Rxe4 28.Rxe4 Qxb2 29.Re1 Bxh4
30.Rd1 Qxa3 31.Ra1 Qb3 32.Rh3 Be7 33.Rxa6 b4 34.cxb4 Qxb4 35.Rc6 Rd4 36.Rc8+ Kg7
37.Qc1 Rd3 38.Rxc4 Rxh3+ 39.Kxh3 Qb3+ 40.Rc3 Qd5 41.Kh2 Bb4 42.Rf3 Bd2 43.Qf1 h6
44.Kh3 h5 45.Qf2 Ba5 46.Kh2 Qe4 47.Qh4 Qd4 48.Qf6+ Kg8 49.Rb3 Bb6 50.Rb1 Ba7
51.Kh1 Qd7 52.Ra1 Qd4 53.Rc1 Qd7 54.Rb1 Qd3 55.Rc1 Qd7 56.Kh2 Bb6 57.Rb1 Ba7
58.Ra1 Qd4 59.Rc1 Bc5 60.Rb1 Ba7  1/2-1/2

[Event "EY Boys U18 2012"]
[Site "Prague CZE"]
[Date "2012.08.22"]
[Round "6.11"]
[White "Doros,R"]
[Black "Plat,V"]
[Result "0-1"]
[WhiteElo "2338"]
[BlackElo "2480"]

1.e4 c5 2.Nf3 e6 3.d4 cxd4 4.Nxd4 Nc6 5.Nc3 a6 6.Be3 Nf6 7.Qd2 Bb4 8.f3 d5
9.O-O-O O-O 10.a3 Be7 11.Qf2 e5 12.Nxc6 bxc6 13.Bb6 Qd6 14.f4 c5 15.fxe5 Qxb6
16.exf6 Bxf6 17.e5 Bxe5 18.Na4 Qc6 19.Nxc5 Rb8 20.Nd3 Bf6 21.Nb4 Qe6 22.c3 d4
23.cxd4 a5 24.d5 Qd6 25.Nc6 Bxb2+ 26.Qxb2 Qc5+ 27.Kb1 Rxb2+ 28.Kxb2 Bd7  0-1

[Event "ZMDI Open A 2012"]
[Site "Dresden GER"]
[Date "2012.08.23"]
[Round "6"]
[White "Hoffmann,Pau"]
[Black "Hess,C1"]
[Result "0-1"]
[WhiteElo "2384"]
[BlackElo "2244"]

1.e4 c5 2.Nf3 e6 3.d4 cxd4 4.Nxd4 Nc6 5.Nc3 a6 6.g3 Qc7 7.Bg2 d6 8.O-O Bd7
9.Re1 Be7 10.Nce2 Nf6 11.Nxc6 bxc6 12.c4 O-O 13.Nc3 e5 14.h3 Be6 15.Qe2 Nd7
16.g4 a5 17.Nd5 Qd8 18.Rd1 Nc5 19.Nxe7+ Qxe7 20.f4 f6 21.b3 Rfb8 22.f5 Bf7
23.Rb1 a4 24.b4 a3 25.Qc2 Na4 26.Rb3 Nb6 27.Bf1 d5 28.cxd5 cxd5 29.Qc5 Qb7
30.exd5 Rc8 31.Qf2 Bxd5 32.Rd2 Be4 33.Rd6 Na4 34.Rd7 Qxb4 35.g5 fxg5 36.f6 gxf6
37.Bxg5 Qc5 38.Qxc5  0-1

[Event "12th World Uni Women"]
[Site "Guimaraes POR"]
[Date "2012.08.23"]
[Round "7.3"]
[White "Zhang Xiaowen"]
[Black "Hoolt,S"]
[Result "0-1"]
[WhiteElo "2376"]
[BlackElo "2281"]

1.e4 c5 2.Nf3 e6 3.d4 cxd4 4.Nxd4 Nc6 5.Nc3 Qc7 6.Be2 Nf6 7.O-O a6 8.Be3 Be7
9.f4 d6 10.Kh1 O-O 11.Qe1 Nxd4 12.Bxd4 b5 13.a3 Bb7 14.Qg3 Rae8 15.Rae1 Bc6
16.Bd3 e5 17.fxe5 Nh5 18.Qh3 dxe5 19.Bxe5 Qxe5 20.Rf5 Nf4 21.Rxe5 Nxh3 22.gxh3 f5
23.Rf1 fxe4 24.Rxf8+ Bxf8 25.Rxe8 exd3+ 26.Kg1 Bxe8 27.cxd3 Bc5+ 28.Kf1 Bc6
29.Ne2 Bf3 30.Nc3 Kf7  0-1

[Event "12th ch-Euro Seniors"]
[Site "Kaunas LTU"]
[Date "2012.08.23"]
[Round "6.6"]
[White "Postler,R"]
[Black "Mishuchkov,N"]
[Result "1-0"]
[WhiteElo "2268"]
[BlackElo "2406"]

1.e4 c5 2.Nf3 e6 3.d4 cxd4 4.Nxd4 Nc6 5.Nc3 Qc7 6.Be3 Nf6 7.Be2 Be7 8.f4 d6
9.O-O O-O 10.Qe1 Nxd4 11.Bxd4 e5 12.fxe5 dxe5 13.Qg3 Bc5 14.Bxc5 Qxc5+ 15.Kh1 Qe7
16.Rf2 Kh8 17.Raf1 Be6 18.Qxe5 Nd7 19.Qd4 Rac8 20.Rd1 Rfd8 21.Rff1 Nb6 22.Qe3 h6
23.a3 Qg5 24.Qxg5 hxg5 25.Kg1 g6 26.Rxd8+ Rxd8 27.Rd1 Rc8 28.Kf2 Kg7 29.Rd4 Kf6
30.Rb4 Ke7 31.a4 Rc5 32.Ke3 Bd7 33.Kd4 Kd6 34.Bd3 f6 35.Nb5+ Bxb5 36.Rxb5 Rc7
37.e5+ Ke7 38.exf6+ Kxf6 39.a5 Nc8 40.Rc5 Rd7+ 41.Rd5 Rh7 42.h3 Rh4+ 43.Ke3 Ra4
44.Rd8 Ne7 45.a6 bxa6 46.Rd6+ Ke5 47.Rxa6 Nf5+ 48.Ke2 Nd4+ 49.Kd2 Rb4 50.Rxa7 Rxb2
51.Ra5+ Kf4 52.Kc3 Nc6 53.Ra4+  1-0

[Event "EY Boys U16 2012"]
[Site "Prague CZE"]
[Date "2012.08.23"]
[Round "7.1"]
[White "Lugovskoy,M"]
[Black "Boruchovsky,A"]
[Result "0-1"]
[WhiteElo "2312"]
[BlackElo "2415"]

1.e4 c5 2.Nf3 e6 3.d4 cxd4 4.Nxd4 Nc6 5.Nc3 Qc7 6.g3 a6 7.Bg2 Nf6 8.O-O Be7
9.Re1 Nxd4 10.e5 Nc6 11.exf6 gxf6 12.Qg4 Ne5 13.Qg7 Ng6 14.Nd5 exd5 15.Bxd5 Rf8
16.Bh6 Qc5 17.c4 Ne5 18.Be3 Qc7 19.f4 Ng6 20.c5 d6 21.cxd6 Qxd6 22.Rad1 Qc7
23.Rc1 Qa5 24.Bf3 h5 25.b4 Qf5 26.Rc7 Bxb4 27.Re2 Ne7 28.Rc4 Bd6 29.Rd2 Be6
30.Rc1 Bd5 31.Bxd5 Nxd5 32.Bf2 Be7 33.Re1 O-O-O 34.Rxd5 Qxd5 35.Rxe7 Qc6  0-1

[Event "EY Girls U16 2012"]
[Site "Prague CZE"]
[Date "2012.08.23"]
[Round "7.4"]
[White "Imnadze,N"]
[Black "Bellaiche,E"]
[Result "1-0"]
[WhiteElo "2030"]
[BlackElo "1992"]

1.e4 c5 2.Nc3 e6 3.Nf3 Nc6 4.d4 cxd4 5.Nxd4 Nf6 6.Nxc6 bxc6 7.Bd3 d5 8.O-O Be7
9.Kh1 O-O 10.f4 Nd7 11.Qf3 Nc5 12.Be2 a5 13.Be3 Bb7 14.Rad1 Qc7 15.f5 dxe4
16.Nxe4 Nxe4 17.Qxe4 c5 18.Qg4 exf5 19.Qxf5 Bc8 20.Qh5 Be6 21.Bd3 g6 22.Qf3 Bd6
23.Be4 Rab8 24.Bh6 Rfd8 25.Bd5 Bxd5 26.Rxd5 Bf8 27.Bf4 Qe7 28.Bxb8 Rxb8 29.b3 Bg7
30.Qd1 Rf8 31.Re1 Qc7 32.Rd7 Qf4 33.Rf1 Qe4 34.Qd3 Qxd3 35.Rxd3 Re8 36.Rfd1 Bd4
37.a3 Kg7 38.b4 axb4 39.axb4 Re2 40.c3 Bf2 41.R3d2 Rxd2 42.Rxd2 Be1 43.Re2 Bxc3
44.bxc5 Kf6 45.c6 Ba5 46.Ra2 Bb6 47.Ra6  1-0

[Event "11th Lichtenberger Sommer 2012"]
[Site "Berlin GER"]
[Date "2012.08.24"]
[Round "7.82"]
[White "Birkholz,A"]
[Black "Poeltelt,H"]
[Result "1/2-1/2"]
[WhiteElo "1882"]
[BlackElo "1732"]

1.e4 c5 2.Nf3 Nc6 3.d4 cxd4 4.Nxd4 e6 5.Nc3 a6 6.Be3 Nge7 7.Nb3 b5 8.Bd3 Ng6
9.O-O Qc7 10.f4 Be7 11.Qf3 Bb7 12.a4 b4 13.Ne2 Na5 14.Nxa5 Qxa5 15.Qf2 Rc8
16.Ng3 O-O 17.Kh1 Bc5 18.Bxc5 Rxc5 19.e5 Qc7 20.Ne4 Bxe4 21.Bxe4 d5 22.exd6 Qxd6
23.Rad1 Qc7 24.g3 Ne7 25.Rd2 Nd5 26.Bxd5 exd5 27.Re1 Qc6 28.b3 h6 29.Ree2 Rd8
30.Qd4 a5 31.Kg1 Rc8 32.Qd3 f6 33.Qg6 Qd7 34.Re1 Qa7 35.Kg2 Qf7 36.Qxf7+ Kxf7
37.Ree2 Rd8 38.Kf2 Rc3 39.Re3 Rxe3 40.Kxe3 Ke6 41.Kd4 Kd6 42.Re2 g6 43.g4 Rc8
44.f5 gxf5 45.gxf5 Rc6 46.Re6+ Kd7 47.Kxd5 Rxe6 48.fxe6+ Ke7 49.h3 f5 50.Ke5 f4
51.Kxf4 Kxe6 52.h4 Kd5 53.Ke3 h5 54.Kd3 Kc5 55.Ke4 Kc6 56.Kd4 Kd6 57.c3 bxc3
58.Kxc3 Kc5 59.b4+ axb4+ 60.Kb3 Kc6 61.Kxb4 Kb6 62.a5+ Ka6 63.Ka4 Ka7 64.Kb5 Kb7
65.a6+ Ka7 66.Ka5 Ka8 67.Kb6 Kb8 68.Kc6 Ka7 69.Kd6 Kxa6 70.Ke6 Kb7 71.Kf7 Kc7
72.Kg6 Kd7 73.Kxh5 Ke7 74.Kg6 Kf8 75.Kh7 Kf7  1/2-1/2

[Event "12th ch-Euro Seniors"]
[Site "Kaunas LTU"]
[Date "2012.08.24"]
[Round "7.9"]
[White "Malmdin,N"]
[Black "Valenti,G"]
[Result "1-0"]
[WhiteElo "2297"]
[BlackElo "2180"]

1.e4 c5 2.Nf3 Nc6 3.Nc3 e6 4.d4 cxd4 5.Nxd4 Qc7 6.Be3 a6 7.Bd3 Nf6 8.O-O b5
9.Nxc6 dxc6 10.a4 Bb7 11.f3 b4 12.Nb1 Bd6 13.f4 e5 14.f5 c5 15.Nd2 Qc6 16.Qf3 Bc7
17.b3 Rd8 18.h3 h6 19.Qf2 Nd7 20.a5 Rc8 21.Nc4 Bd8 22.Rad1 Be7 23.Be2 Qc7
24.Qg3 Kf8 25.Rxd7 Qxd7 26.Nxe5 Qc7 27.Bf4 Qxa5 28.Bc4 h5 29.Ng6+  1-0

[Event "12th ch-Euro Seniors"]
[Site "Kaunas LTU"]
[Date "2012.08.24"]
[Round "7.37"]
[White "Strumilo,S"]
[Black "Petraitis,G"]
[Result "1-0"]
[WhiteElo "1790"]
[BlackElo "1948"]

1.e4 c5 2.Nf3 e6 3.d4 cxd4 4.Nxd4 Nc6 5.Nc3 Nf6 6.Ndb5 d6 7.Bg5 a6 8.Nd4 Be7
9.Nxc6 bxc6 10.Bd3 Qa5 11.Bd2 Qc7 12.O-O e5 13.h3 O-O 14.Rb1 d5 15.f4 Bc5+
16.Kh1 Bd6 17.f5 a5 18.Bg5 d4 19.Bxf6 gxf6 20.Qg4+ Kh8 21.Ne2 Rg8 22.Qh4 Qe7
23.Ng3 c5 24.Nh5 Rg5 25.g4 Bb7 26.b3 Rag8 27.Kh2 Qd8 28.Rbe1 Be7 29.Bc4 Qf8
30.a4 Bc6 31.Qf2 Qa8 32.Qe2 Rf8 33.Qd3 Qb7 34.Rf2 Bd8 35.Bb5 Bxb5 36.Qxb5 Qxb5
37.axb5 Be7 38.Ra1 Ra8 39.Rd2 Rgg8 40.c4 dxc3 41.Rd7 c4 42.bxc4 Bc5 43.Nxf6 Rgd8
44.Rxf7 Ra7 45.Rxa7 Bxa7 46.Nd5 Bd4 47.Rc1 a4 48.Nxc3 a3 49.Na2 Bc5 50.Rc2 Rd4
51.b6 Bxb6 52.c5 Bc7 53.Kg3 Rxe4 54.Kf3 Ra4 55.Ke3 h5 56.gxh5 Rh4 57.Rc3 Rxh3+
58.Ke4 Rxh5 59.Rxa3 Rh4+ 60.Kd5 Rd4+ 61.Ke6 Rc4 62.f6 Rf4 63.Ra8+ Kh7 64.Ra7  1-0

[Event "2nd Isthmia Open A"]
[Site "Korinthia GRE"]
[Date "2012.08.24"]
[Round "8.22"]
[White "Panagiotopoulos,A"]
[Black "Hrisanthopoulos,D"]
[Result "1-0"]
[WhiteElo "2200"]
[BlackElo "2044"]

1.e4 c5 2.Nf3 e6 3.d4 cxd4 4.Nxd4 Nc6 5.Nc3 Qc7 6.Be3 a6 7.Qd2 Nf6 8.O-O-O b5
9.Bf4 Qb6 10.Nb3 Bb4 11.f3 d5 12.a3 Be7 13.exd5 exd5 14.Nxd5 Nxd5 15.Qxd5 O-O
16.Bd3 Be6 17.Qe4 g6 18.Qe3 Qxe3+ 19.Bxe3 Ne5 20.Be4 Rac8 21.Bd5 Nc4 22.Bxe6 fxe6
23.Bh6 Rfe8 24.Nd2 Nb6 25.Ne4 Nd5 26.Rhe1 b4 27.axb4 Bxb4 28.Rxd5 Bxe1 29.Rd1 Bb4
30.Nf6+ Kf7 31.Nxe8 Kxe8 32.c3 Be7 33.Be3 Rc6 34.Kc2 Bd6 35.h3 Kf7 36.Bd4 e5
37.Be3 Ke6 38.b3 Bb4 39.c4 a5 40.Bd2 Bxd2 41.Rxd2 h5 42.Kc3 Rc5 43.b4 axb4+
44.Kxb4 Rc8 45.c5 Rb8+ 46.Kc4 Rb1 47.c6 h4 48.Kc5 Rc1+ 49.Kb6 Rb1+ 50.Kc7  1-0

[Event "2nd Isthmia Open A"]
[Site "Korinthia GRE"]
[Date "2012.08.24"]
[Round "8.6"]
[White "Georgiadis,I"]
[Black "Adhiban,Baskaran"]
[Result "0-1"]
[WhiteElo "2445"]
[BlackElo "2553"]

1.e4 c5 2.Nf3 e6 3.d4 cxd4 4.Nxd4 Nc6 5.Nc3 Qc7 6.Be3 a6 7.Qd2 Nf6 8.O-O-O Bb4
9.f3 O-O 10.g4 b5 11.Nxc6 dxc6 12.g5 Nd7 13.Kb1 Nb6 14.Qd4 c5 15.Qd6 Ra7
16.a3 Bxc3 17.Bxc5 Qxd6 18.Rxd6 Bxb2 19.Rxb6 Be5 20.Bxf8 Kxf8 21.Be2 Bd7
22.Rd1 Ke7 23.c4 Bc7 24.c5 Bxb6 25.cxb6 Rb7 26.e5 Rxb6 27.Rd4 Rc6 28.Rh4 Rc3
29.Rxh7 Re3 30.Bd1 Re1 31.Kc2 b4 32.Kd2 bxa3 33.Bb3 Rb1 34.Kc3 Ba4 35.Ba2 Rb2
36.Rh4 Bb5 37.Bb3 Rf2 38.Re4 Rxf3+ 39.Kb4 Bc6 40.Re1 a5+ 41.Kc5 Rxb3 42.Kxc6 a2
43.Ra1 Rb2 44.h4 Re2  0-1

[Event "4th Pilsen Open 2012"]
[Site "Plzen CZE"]
[Date "2012.08.24"]
[Round "8.2"]
[White "Vlasak,Lu"]
[Black "Plischki,S"]
[Result "1/2-1/2"]
[WhiteElo "2291"]
[BlackElo "2365"]

1.e4 c5 2.Nf3 e6 3.d4 cxd4 4.Nxd4 Nc6 5.Nc3 d6 6.Be2 Nf6 7.Be3 Be7 8.O-O O-O
9.f4 Qc7 10.Qe1 Nxd4 11.Bxd4 e5 12.Be3 exf4 13.Rxf4 Be6 14.Qd2 a6 15.Rff1 Rac8
16.Rac1  1/2-1/2

[Event "EY Boys U14 2012"]
[Site "Prague CZE"]
[Date "2012.08.24"]
[Round "8.16"]
[White "Melnikov,E"]
[Black "Kudelya,I"]
[Result "1-0"]
[WhiteElo "2033"]
[BlackElo "2120"]

1.e4 c5 2.Nf3 Nc6 3.Nc3 e6 4.d4 cxd4 5.Nxd4 Qc7 6.Be3 a6 7.Qd2 Nf6 8.f3 Ne5
9.O-O-O b5 10.Kb1 Bb7 11.Nb3 Rc8 12.Bf4 d6 13.Be2 Be7 14.g4 Nfd7 15.a3 Rg8
16.h4 Nc6 17.Be3 b4 18.axb4 Nxb4 19.g5 Ne5 20.f4 Nd7 21.h5 d5 22.exd5 Nxd5
23.Nxd5 Bxd5 24.Bxa6 Ra8 25.Bb5 Kf8 26.Rhf1 Nb6 27.Bxb6 Qxb6 28.Qd3 f5 29.Bc4 Bxc4
30.Qxc4 Kf7 31.Rfe1 Rgc8 32.g6+ hxg6 33.hxg6+ Kf6 34.Qe2 Kxg6 35.Rg1+ Kf7
36.Qh5+ Kg8 37.Qg6 Bf8 38.Rd7  1-0

[Event "EY Boys U14 2012"]
[Site "Prague CZE"]
[Date "2012.08.24"]
[Round "8.44"]
[White "Guerra Arrocha,D"]
[Black "Khanin,S"]
[Result "0-1"]
[WhiteElo "1872"]
[BlackElo "2220"]

1.e4 c5 2.Nf3 e6 3.d4 cxd4 4.Nxd4 Nc6 5.Nc3 Qc7 6.Be3 a6 7.Be2 Nf6 8.a3 Be7
9.f4 d6 10.g4 Nxd4 11.Qxd4 e5 12.Qd1 exf4 13.Bxf4 Be6 14.Qd4 Nd7 15.O-O-O Ne5
16.Bxe5 dxe5 17.Qa4+ Kf8 18.Nd5 Qc5 19.Rd3 Rd8 20.Rhd1 Bxd5 21.exd5 Bd6 22.Rf1 Ke7
23.b4 Qc7 24.Rdf3 Rhf8 25.Qb3 b5 26.Rc3 Qa7 27.Rc6 a5 28.bxa5 Qxa5 29.Bxb5 Bxa3+
30.Kb1 Bb4 31.Qc4 Bd6 32.Ra6 Qc7 33.Qa4 Rb8 34.c4 Rb7 35.Rc6 Qb8 36.c5 Rxb5+
37.Ka1 Bxc5 38.Ra6 Bd4+ 39.Ka2 Rb2+ 40.Ka3 Ra2+  0-1

[Event "EY Boys U16 2012"]
[Site "Prague CZE"]
[Date "2012.08.24"]
[Round "8.3"]
[White "Georgiadis,N"]
[Black "Sanzhaev,D"]
[Result "1/2-1/2"]
[WhiteElo "2345"]
[BlackElo "2335"]

1.e4 c5 2.Nf3 e6 3.d4 cxd4 4.Nxd4 Nc6 5.Nc3 Qc7 6.g3 a6 7.Bg2 Nf6 8.O-O Nxd4
9.Qxd4 Bc5 10.Bf4 d6 11.Qd3 Nd7 12.Na4 e5 13.Bd2 Bd4 14.Nc3 Nf6 15.Ne2 Bc5
16.c4 Be6 17.b3 O-O 18.Nc3 Bd4 19.Be3 Bxe3 20.Qxe3 Rac8 21.Rac1 Qa5 22.Qd3 Rfd8
23.h3 Bd7 24.Rfd1 b5 25.cxb5 axb5 26.Nd5 Nxd5 27.Rxc8 Bxc8 28.Qxd5 Be6 29.Qc6 h6
30.Bf1 Qxa2 31.Rxd6 Rxd6 32.Qxd6 Qxb3 33.Qb8+ Kh7 34.Qxb5 Qxb5 35.Bxb5 Bxh3
36.Kh2 Be6 37.Kg2 h5 38.Be2 Kh6 39.Bd3 g5 40.Be2 f6 41.Kh2 Bf7 42.Kg2 Kg7
43.Kf3 Kf8 44.Ke3 Ke7 45.Bf3 Kd6 46.Be2 h4 47.gxh4 gxh4 48.Bg4 Be6 49.Kf3 Bc4
50.Kg2 Kc5 51.Kh3 Kd4 52.f3 Ke3 53.Kxh4 Kf4 54.Kh3 Bf1+ 55.Kh2 Bd3 56.Bh5 Kg5
57.Bf7 Kf4 58.Bh5 Kg5  1/2-1/2

[Event "EY Girls U16 2012"]
[Site "Prague CZE"]
[Date "2012.08.24"]
[Round "8.34"]
[White "Pistovcakova,Aneta"]
[Black "Trippold,Denise"]
[Result "1/2-1/2"]
[WhiteElo "1642"]
[BlackElo "1773"]

1.e4 c5 2.Nf3 e6 3.d4 cxd4 4.Nxd4 Nc6 5.Nc3 a6 6.Be3 Qc7 7.Nxc6 bxc6 8.Bd3 Nf6
9.O-O Be7 10.Qe2 O-O 11.Rae1 d5 12.Bc1 d4 13.Nb1 e5 14.h3 c5 15.Nd2 Bb7 16.Nc4 Rfe8
17.Bd2 a5 18.Qf3 Bf8 19.Bg5 Be7 20.Bd2 Bf8 21.Bg5 Be7 22.Bd2 Bf8  1/2-1/2

[Event "EY Boys U18 2012"]
[Site "Prague CZE"]
[Date "2012.08.24"]
[Round "8.31"]
[White "Papakonstantinou,Di1"]
[Black "Scott,Gordon W"]
[Result "1-0"]
[WhiteElo "2129"]
[BlackElo "2026"]

1.e4 c5 2.Nf3 e6 3.d4 cxd4 4.Nxd4 Nc6 5.Nc3 Qc7 6.Be2 a6 7.O-O Nf6 8.Kh1 Nxd4
9.Qxd4 d6 10.f4 Be7 11.e5 dxe5 12.fxe5 Nd7 13.Bf4 O-O 14.Ne4 Qxc2 15.Bd3 Qc6
16.Qe3 f5 17.exf6 Nxf6 18.Rac1 Qe8 19.Ng5 Qd7 20.Rc7 Qe8 21.Bc4 Nd5 22.Bxd5 Bxg5
23.Qg3 Qg6 24.Be4 Qh6 25.Qd3 Bxf4 26.g3 Bd6 27.Rxf8+ Bxf8 28.Qd8 Qf6 29.Bxh7+ Kh8
30.Qd3 b5 31.Be4 Rb8 32.g4 e5 33.Qh3+ Qh6 34.Qf3 Qf4 35.Qh3+ Qh6 36.Qf3 Be6
37.Rc6 Rd8 38.g5 Qh3 39.Rxe6 Qxf3+ 40.Bxf3 Bc5 41.Rxa6 Bd4 42.b4 Bc3 43.a3 Bb2
44.g6 Rb8 45.Bc6 Bd4 46.Bxb5 Kg8 47.Re6 Bb2 48.a4 Bc3 49.Bc4 Kf8 50.b5 Bd4
51.Bd5 Re8 52.Rxe8+ Kxe8 53.Kg2 Kd7 54.Kf3 Kd6 55.Ke4 Kc5 56.h4 Bb2 57.h5 Bc1
58.Bc4 Kb6 59.Bd3 Bf4 60.Kd5 Bd2 61.a5+ Kb7 62.b6 Bf4 63.Kc5  1-0

[Event "11th Lichtenberger Sommer 2012"]
[Site "Berlin GER"]
[Date "2012.08.25"]
[Round "8.4"]
[White "Teske,H"]
[Black "Rietze,C"]
[Result "1-0"]
[WhiteElo "2537"]
[BlackElo "2280"]

1.e4 c5 2.Nf3 e6 3.Nc3 Nc6 4.d4 cxd4 5.Nxd4 Qc7 6.Be2 a6 7.O-O Nf6 8.a4 Be7
9.Nb3 b5 10.f4 d6 11.Bf3 Bb7 12.Be3 h6 13.Qe2 Rb8 14.Qf2 Ba8 15.e5 Nd7 16.Qg3 g6
17.exd6 Bxd6 18.Rad1 Nf6 19.Kh1 Ne7 20.Bxa8 Nf5 21.Qf3 Nxe3 22.Qxe3 Rxa8
23.f5 O-O 24.fxe6 Ng4 25.Qe2 f5 26.Nd5 Qb7 27.e7  1-0

[Event "12th World Uni Men"]
[Site "Guimaraes POR"]
[Date "2012.08.25"]
[Round "9.4"]
[White "Tazbir,M"]
[Black "Papin,V"]
[Result "1-0"]
[WhiteElo "2552"]
[BlackElo "2570"]

1.e4 c5 2.Nf3 e6 3.d4 cxd4 4.Nxd4 Nc6 5.Nc3 Qc7 6.Be3 a6 7.Qd2 Nf6 8.f3 Bb4
9.a3 Be7 10.g4 O-O 11.h4 b5 12.h5 Nxh5 13.gxh5 Bb7 14.Nxc6  1-0

[Event "12th World Uni Women"]
[Site "Guimaraes POR"]
[Date "2012.08.25"]
[Round "9.4"]
[White "Hoolt,S"]
[Black "Severiukhina,Z"]
[Result "1-0"]
[WhiteElo "2281"]
[BlackElo "2352"]

1.e4 c5 2.Nf3 e6 3.d4 cxd4 4.Nxd4 Nc6 5.Nc3 Qc7 6.Be3 a6 7.Bd3 Nf6 8.O-O d6
9.Nxc6 bxc6 10.f4 Be7 11.Qf3 O-O 12.Rae1 d5 13.e5 Nd7 14.Qh3 g6 15.Na4 Re8
16.c4 Qa5 17.Bc2 Rb8 18.f5 exf5 19.Bxf5 Nxe5 20.Bxc8 Qxa4 21.Be6 Bb4 22.Bxf7+ Nxf7
23.Rxf7 Kxf7 24.Qxh7+ Ke6 25.Bd2+ Kd6 26.Bf4+ Kc5 27.Qa7+ Rb6 28.Rxe8 Qd1+
29.Kf2 Qc2+ 30.Kg3 Qd3+ 31.Be3+ Kxc4 32.b3+ Kc3 33.Qxb6 Bd6+ 34.Kh4 g5+ 35.Kxg5  1-0

[Event "EY Boys U16 2012"]
[Site "Prague CZE"]
[Date "2012.08.25"]
[Round "9.29"]
[White "Khamidov,K"]
[Black "De Vleeschauwer,M"]
[Result "1-0"]
[WhiteElo "2090"]
[BlackElo "1996"]

1.e4 c5 2.Nf3 e6 3.d4 cxd4 4.Nxd4 Nc6 5.Nc3 Qc7 6.Ndb5 Qb8 7.g3 a6 8.Nd4 Nf6
9.Bg2 Qc7 10.O-O Rb8 11.Nxc6 bxc6 12.e5 Nd5 13.Ne4 a5 14.c4 Nb4 15.Nd6+ Bxd6
16.exd6 Qd8 17.a3 Na6 18.Qh5 O-O 19.Bg5 Qb6 20.Be7 Re8 21.Be4 h6 22.Bg6 fxg6
23.Qxg6 Rf8 24.Bxf8 Kxf8 25.Rae1 Nc5 26.Re3 Ba6 27.Rf3+ Kg8 28.b4 Na4 29.Rd1 Rf8
30.Rxf8+ Kxf8 31.Rd3 Bxc4 32.Rf3+ Kg8 33.Qe8+ Kh7 34.Rf8  1-0

[Event "EY Boys U16 2012"]
[Site "Prague CZE"]
[Date "2012.08.25"]
[Round "9.24"]
[White "Brenner,Stav"]
[Black "Suarez Garcia,C"]
[Result "0-1"]
[WhiteElo "2034"]
[BlackElo "2311"]

1.e4 c5 2.Nf3 e6 3.d4 cxd4 4.Nxd4 Nc6 5.Nc3 Qc7 6.Be2 a6 7.O-O Nf6 8.Be3 Bb4
9.Na4 Be7 10.c4 d6 11.Nc3 O-O 12.Rc1 Bd7 13.f3 Nxd4 14.Qxd4 Rac8 15.Rfd1 Qb8
16.a4 Rfd8 17.b4 Be8 18.Kh1 Nd7 19.f4 a5 20.b5 Nc5 21.Rb1 Bf6 22.Qd2 b6 23.Bd4 Bxd4
24.Qxd4 f6 25.f5 Bf7 26.fxe6 Nxe6 27.Qd2 Rc5 28.Nd5 Ng5 29.Ne7+ Kf8 30.Nc6 Rxc6
31.bxc6 Nxe4 32.Qd4 Nc5 33.Rb5 Qc7 34.Rdb1 Bg6 35.Rf1 Be8 36.Qh4 Kg8 37.Bd1 Bxc6
38.Bc2 h6 39.Rbb1 Bxa4 40.Bf5 Bd7 41.Bc2 Re8 42.Qh5 Re5 43.Qg6 Rg5 44.Qh7+ Kf7
45.h4 Rg4 46.h5 Rh4+ 47.Kg1 Ne6 48.Bg6+ Ke7 49.Rbe1 Qc5+ 50.Rf2 Rf4 51.Qxg7+ Kd8
52.Qh8+ Kc7 53.Rf1 Qe3 54.Qxh6 Ng5 55.Qf8 Bc6 56.c5 dxc5 57.Qg7+ Kb8 58.Qf8+ Ka7
59.Qe7+ Qxe7 60.Rxf4 Qe2 61.R4f2 Nh3+  0-1

[Event "14th Sants Open A"]
[Site "Barcelona ESP"]
[Date "2012.08.26"]
[Round "10.15"]
[White "Ibarra Jerez,JC"]
[Black "Gallego Alcaraz,A"]
[Result "1-0"]
[WhiteElo "2540"]
[BlackElo "2377"]

1.e4 c5 2.Nf3 Nc6 3.Nc3 e6 4.d4 cxd4 5.Nxd4 Nf6 6.Ndb5 d6 7.Bf4 e5 8.Bg5 a6
9.Na3 b5 10.Bxf6 gxf6 11.Nd5 Bg7 12.g3 f5 13.Bg2 fxe4 14.Bxe4 Be6 15.Qh5 Rc8
16.Rd1 Ne7 17.Nxe7 Qxe7 18.O-O Rc5 19.b4 Rc3 20.Nb1 Rc4 21.Nd2 Rxb4 22.c3 Rb2
23.Bc6+ Kd8 24.a4 Kc7 25.axb5 axb5 26.Ra1 Ba2 27.Bxb5 Rxd2 28.Qf3 Rb8 29.c4 Kd8
30.Qc3 Bh6 31.Rfd1 Rxd1+ 32.Rxd1 Ra8 33.Qd3 Bf8 34.Qxh7 Bb3 35.Rb1 Ba2 36.Qe4 Ra7
37.Rb2 Qg5 38.Qc2 Qg6 39.Rxa2 Rxa2 40.Qxa2 Ke7 41.Bc6 Kf6 42.Bd5 Bh6 43.Qb2 Qh5
44.Qb8 Kg7 45.Qxd6 Bc1 46.Qb4 Qe2 47.Qb1 Bb2 48.Qf5 f6 49.h4 Bd4 50.h5 e4
51.Qg6+  1-0

[Event "37th Trade Fair Open A"]
[Site "Brno CZE"]
[Date "2012.08.26"]
[Round "1"]
[White "Svobodova,M"]
[Black "Cvek,R"]
[Result "0-1"]
[WhiteElo "2021"]
[BlackElo "2549"]

1.e4 c5 2.Nf3 e6 3.d4 cxd4 4.Nxd4 Nc6 5.Nc3 a6 6.Be2 Qc7 7.O-O Nf6 8.Be3 Bb4
9.Nxc6 bxc6 10.Na4 Be7 11.f3 O-O 12.Qd4 Rb8 13.c4 d6 14.c5 e5 15.Qd2 d5 16.exd5 cxd5
17.Rac1 d4 18.Bf2 Nd5 19.Bc4 Nf4 20.b4 Bg5 21.Qb2 Qc6 22.Qb3 Bh3 23.gxh3 Rxb4
24.Qd1 Nxh3+ 25.Kg2 Nxf2 26.Rxf2 Bxc1 27.Qxc1 Rxa4 28.Re2 Re8 29.Bb3 Rb4
30.Qe1 Qxc5 31.Rc2 Qd6 32.Qe4 Qg6+ 33.Qxg6 hxg6 34.Rc7 Rxb3 35.axb3 Rd8 36.Kf2 d3
37.Ke1 d2+ 38.Kd1 Rd3 39.Rc6 Rxb3 40.Kxd2 Rxf3 41.Rxa6 Rf2+  0-1

[Event "e2e4 Hinckley Open 2012"]
[Site "Hinckley ENG"]
[Date "2012.08.26"]
[Round "5.11"]
[White "Whitfield,C"]
[Black "Stembridge,Ed2"]
[Result "1-0"]
[WhiteElo "2020"]
[BlackElo "2059"]

1.e4 c5 2.Nf3 Nc6 3.d4 cxd4 4.Nxd4 e6 5.Nc3 a6 6.g3 Qc7 7.Bg2 d6 8.a4 Bd7
9.O-O Be7 10.h3 Nxd4 11.Qxd4 Nf6 12.Bg5 Bc6 13.Rad1 Rd8 14.Be3 O-O 15.Qc4 Rc8
16.Qb3 Nd7 17.Rfe1 b6 18.Bf1 Qb7 19.Nd5 Bxd5 20.exd5 e5 21.f4 e4 22.f5 Nc5
23.Bxc5 Rxc5 24.Rxe4 Bf6 25.c3 Be5 26.Rd3 f6 27.Rb4 Rb8 28.Kh2 a5 29.Rb5 Rxb5
30.Qxb5 Qc8 31.Rf3 Qc5 32.Qxc5 bxc5 33.Bb5 Kf7 34.Kg2 Ke7 35.Re3 Rg8 36.Bd3 Kf7
37.Re4 Rb8 38.Bb5 Ke7 39.Kf2 Rg8 40.Rh4 Rh8 41.Rg4 Rg8 42.Ke2 g5 43.fxg6 hxg6
44.Bd3 Kf7 45.Kf3 f5 46.Rh4 Kg7 47.Bb5 Bf6 48.Rc4 Rh8 49.h4 Bd8 50.b4 Bb6
51.Bd7 axb4 52.cxb4 cxb4 53.Rxb4 Bc5 54.Rb7 Kh6 55.Bc6 Rh7 56.Rxh7+ Kxh7
57.a5 Kh6 58.Kf4 Kg7 59.h5 gxh5 60.Kxf5 h4 61.gxh4 Ba7 62.Ke6 Bc5 63.a6 Kg6
64.Be8+ Kg7 65.h5  1-0

[Event "24th Schlosspark Open"]
[Site "Wiesbaden GER"]
[Date "2012.08.26"]
[Round "6.12"]
[White "Baskin,R"]
[Black "Nagel,B"]
[Result "0-1"]
[WhiteElo "2055"]
[BlackElo "2223"]

1.e4 c5 2.Nf3 e6 3.d4 cxd4 4.Nxd4 Nc6 5.Nc3 Qc7 6.Nb3 a6 7.Bd3 Bd6 8.Qg4 g6
9.f4 Bf8 10.O-O h5 11.Qe2 b5 12.Bd2 Nh6 13.h3 f5 14.exf5 Nxf5 15.Bxf5 gxf5
16.Nd5 Qd8 17.a4 b4 18.a5 Kf7 19.Nb6 Rb8 20.Be3 Bg7 21.Nc4 d5 22.Bb6 Qd7
23.Nc5 Qe7 24.Ne5+ Nxe5 25.fxe5 Rxb6 26.axb6 Qxc5+ 27.Kh1 Qxb6 28.Rae1 Bd7
29.Rf3 h4 30.Rf4 Ke8 31.Ra1 a5 32.Qe1 Qc7 33.Rxh4 Rxh4 34.Qxh4 Bxe5 35.Re1 Bg7
36.Qg5 Kf7 37.Qh5+ Kf8 38.Qe2 Qg3  0-1

[Event "24th Schlosspark Open"]
[Site "Wiesbaden GER"]
[Date "2012.08.26"]
[Round "6.1"]
[White "Poetsch,H"]
[Black "Korneev,O"]
[Result "1/2-1/2"]
[WhiteElo "2462"]
[BlackElo "2581"]

1.e4 c5 2.Nf3 e6 3.Nc3 Nc6 4.d4 cxd4 5.Nxd4 Qc7 6.Be3 Nf6 7.Qd2 Nxd4 8.Qxd4 Ng4
9.Nb5 Qc6 10.O-O-O Nxe3 11.Qxe3 a6 12.Nd4 Qc7 13.f4 b5 14.Be2 Bb7 15.Bf3 Rc8
16.e5 Bc5 17.Bxb7 Qxb7 18.Qe2 Qd5 19.Nb3 Qc4 20.Qxc4 Be3+ 21.Nd2 Rxc4 22.g3 g5
23.Rhe1 gxf4 24.Rxe3 fxe3 25.Nxc4 bxc4 26.Rd4 c3 27.b4 Ke7 28.Kd1 Rb8 29.a4 f6
30.exf6+ Kxf6 31.Ke2 e5 32.Rxd7 Rxb4 33.Rd6+ Kf5 34.Rxa6 Rb2 35.Kxe3 Rxc2
36.Rh6 Ra2 37.Rxh7 Rxa4 38.Rf7+ Ke6 39.Rc7 Ra3 40.Ke4 Ra4+ 41.Kd3 Ra2 42.Rxc3 Rxh2
43.Ke4  1/2-1/2